Strengthening and retrofitting of existing structures (Record no. 554385)
[ view plain ]
| 000 -LEADER | |
|---|---|
| fixed length control field | 00674nam a22001937a 4500 |
| 020 ## - INTERNATIONAL STANDARD BOOK NUMBER | |
| International Standard Book Number | 978-981-13-5508-0 |
| 082 ## - DEWEY DECIMAL CLASSIFICATION NUMBER | |
| Classification number | 624.17 |
| Author Mark | COS |
| -- | N-02,P-100 |
| 100 ## - MAIN ENTRY--PERSONAL NAME | |
| Personal name | Costa, Anibal |
| 9 (RLIN) | 51851 |
| 245 ## - TITLE STATEMENT | |
| Title | Strengthening and retrofitting of existing structures |
| Statement of responsibility, etc. | by Anibal Costa, Antonio Arede, Humberto Varum |
| 250 ## - EDITION STATEMENT | |
| Edition statement | 9th Volume |
| 260 ## - PUBLICATION, DISTRIBUTION, ETC. | |
| Place of publication, distribution, etc. | Singapore, |
| Name of publisher, distributor, etc. | Springer, |
| Date of publication, distribution, etc. | 2018. |
| 300 ## - PHYSICAL DESCRIPTION | |
| Extent | x,334 pages. |
| Other physical details | illustrations in color |
| Dimensions | 24cm. |
| 490 ## - SERIES STATEMENT | |
| Series statement | Building Pathology and Rehabilitation |
| 526 ## - STUDY PROGRAM INFORMATION NOTE | |
| Program name | 0 |
| Interest level | 0 |
| Reading level | 0 |
| Title point value | 624_170000000000000_COS |
| 650 ## - SUBJECT ADDED ENTRY--TOPICAL TERM | |
| Topical term or geographic name entry element | Structure |
| Topical term following geographic name entry element | retrofitting |
| 9 (RLIN) | 51852 |
| 700 ## - ADDED ENTRY--PERSONAL NAME | |
| Personal name | Arede, Antonio |
| 9 (RLIN) | 51853 |
| 700 ## - ADDED ENTRY--PERSONAL NAME | |
| Personal name | Varum, Humberto |
| 9 (RLIN) | 51854 |
| 942 ## - ADDED ENTRY ELEMENTS (KOHA) | |
| Source of classification or shelving scheme | |
| Koha item type | Book |
| Withdrawn status | Lost status | Source of classification or shelving scheme | Damaged status | Not for loan | Permanent Location | Current Location | Date acquired | Total Checkouts | Full call number | Barcode | Date last seen | Price effective from | Koha item type |
|---|---|---|---|---|---|---|---|---|---|---|---|---|---|
| Military College of Engineering (MCE) | Military College of Engineering (MCE) | 08/21/2020 | 624.17 COS | MCE-51439 | 08/21/2020 | 08/21/2020 | Book |
